One Short Day - Wicked Lyrics - Statistics

General Stats
  • This quiz has been taken 24 times
  • The average score is 96 of 213
Answer Stats
Answer % Correct
day,
100%
One
100%
short
100%
day,
84%
One
84%
short
84%
the
84%
City.
79%
Emerald
79%
in
79%
the
74%
City.
68%
Emerald
68%
in
68%
day
63%
day,
63%
One
63%
One
63%
short
63%
short
63%
the
63%
City.
58%
Emerald
58%
in
58%
a
53%
and
53%
and
53%
day!
53%
I
53%
I
53%
one
53%
short
53%
the
53%
a
47%
a
47%
all
47%
all
47%
and
47%
are
47%
are
47%
as
47%
be
47%
belong.
47%
best
47%
buildings
47%
day,
47%
day
47%
do.
47%
dress
47%
found
47%
friends
47%
friends
47%
friends
47%
full
47%
good
47%
grand
47%
green.
47%
hundred
47%
in
47%
it's
47%
it's
47%
I've
47%
just
47%
libraries.
47%
much
47%
never
47%
of
47%
One
47%
One
47%
one
47%
place
47%
salons,
47%
seen
47%
short
47%
short
47%
so
47%
strong.
47%
tall
47%
the
47%
the
47%
There
47%
think
47%
this
47%
to
47%
to
47%
trees,
47%
two
47%
two
47%
two
47%
want
47%
we
47%
we
47%
we're
47%
where
47%
wonders
47%
a
42%
and
42%
are
42%
been
42%
before
42%
call
42%
can
42%
city
42%
city,
42%
City.
42%
day
42%
day
42%
day,
42%
done.
42%
Emerald
42%
fun.
42%
have
42%
here,
42%
here
42%
home,
42%
in
42%
in
42%
it
42%
just
42%
know
42%
lifetime
42%
like
42%
museums
42%
now
42%
now,
42%
of
42%
One
42%
One
42%
One
42%
Palaces,
42%
say,
42%
Sharing
42%
short
42%
short
42%
short
42%
that
42%
the
42%
the
42%
then,
42%
There
42%
to
42%
to,
42%
too,
42%
we
42%
we'll
42%
we're
42%
we've
42%
Where
42%
wonderful
42%
You'll
42%
and
37%
and
37%
back
37%
be
37%
City.
37%
day
37%
Emerald
37%
Every
37%
for
37%
fun.
37%
good
37%
have
37%
I'll
37%
in
37%
in
37%
I've
37%
lifetime
37%
like
37%
look
37%
make
37%
many
37%
my
37%
of
37%
quoxwood
37%
roam
37%
so
37%
some
37%
that
37%
the
37%
to
37%
to
37%
warning
37%
way
37%
we're
37%
you
37%
be
32%
before
32%
city.
32%
day's
32%
enjoy.
32%
exquisite
32%
make
32%
my
32%
seeing
32%
something
32%
There's
32%
this
32%
through.
32%
to
32%
to
32%
visit
32%
want
32%
way.
32%
way
32%
What
32%
you'll
32%
But
26%
for
26%
So
26%
today,
26%
wander
26%
we'll
26%
mark
11%
No matching quizzes found
Score Distribution
Percent of People with Each Score
Percentile by Number Answered
Your Score History
You have not taken this quiz